header

Richelieu (Record no. 153278)

MARC details
000 -LEADER
fixed length control field 01319nam a22003374a 4500
082 04 - DEWEY DECIMAL CLASSIFICATION NUMBER
Classification number 944/.032/092
-- B
100 1# - MAIN ENTRY--AUTHOR NAME
Personal name Belloc, Hilaire,
245 10 - TITLE STATEMENT
Title Richelieu
260 ## - PUBLICATION, DISTRIBUTION, ETC. (IMPRINT)
Place of publication Norfolk, Va. :
Name of publisher Gates of Vienna Books,
Year of publication 2006.
300 ## - PHYSICAL DESCRIPTION
Number of Pages 270 p. :
Other physical details ill., maps.
650 #0 - SUBJECT ADDED ENTRY--TOPICAL TERM
Topical Term Statesmen
Topical Term Cardinals
856 40 - ELECTRONIC LOCATION AND ACCESS
Uniform Resource Identifier http://site.ebrary.com/lib/rucke/Doc?id=10229752

No items available.

© 2026 Rongo University
Contact us: librarian | system librarian | Rongo university